000 00892nac a22002411u 4500
020 _a0761948635 (Paper)
020 _a9780761948636 :
082 _a306.2
_bEDW
090 _c8675
_d8675
100 _aEdwards, Tim
245 1 0 _aCultural Theory : Classical and Contemporary Positions.
_bClassical and Contemporary Positions.
_cTim Edwards
246 _aClassical and Contemporary Positions.
260 _aLondon
_bSage Publications Ltd,2007.
_cc2007.
300 _ax, 284 p.
500 _a Distributer: Bacca
504 _aIncludes bibliographical references and index.
511 _aCatalogued by: Sara
650 _aPolitical sociology
650 _aPolitical culture
650 _aPolitics and culture
942 _cBB
_k306.2EDW
999 _c8675
_d8675